Race and national solidarity /

Bibliographic Details
Main Author: Josey, Charles Conant, 1893-
Format: Book
Language:English
Published: New York : C. Scribner's sons, 1923.
Subjects:

MARC

Tag First Indicator Second Indicator Subfields
LEADER 00000cam a2200000 4500
001 in00000064528
005 20151007083306.0
008 750522s1923 nyu b 00000 engmu
010 |a  23012876  
035 |a (OCoLC)01351546 
035 |9 AAF9151AM 
040 |c SNN  |d TXA  |d UtOrBLW 
049 |a TXAM  |c [20015] 
050 0 0 |a HM126  |b .J6 
092 |a 323.1  |b J83r 
100 1 |a Josey, Charles Conant,  |d 1893- 
245 1 0 |a Race and national solidarity /  |c by Charles Conant Josey ... 
264 1 |a New York :  |b C. Scribner's sons,  |c 1923. 
300 |a ix, 227 pages ;  |c 22 cm. 
336 |a text  |b txt  |2 rdacontent 
337 |a unmediated  |b n  |2 rdamedia 
338 |a volume  |b nc  |2 rdacarrier 
504 |a Includes bibliographies. 
650 0 |a Race. 
650 0 |a Civilization. 
650 0 |a International cooperation. 
650 0 |a Democracy. 
999 |a MARS 
999 f f |s cdc34ec6-2dc6-33a5-a846-8843ba704274  |i db08656f-a163-32e7-a859-d3dbe84d13cd  |t 0 
952 f f |p ric  |a Texas A&M University  |b Rellis Campus  |c Joint Library Facility  |d Remote Storage  |t 0  |e HM126 .J6  |h Library of Congress classification  |i unmediated -- volume  |m A14800663813 
998 f f |a HM126 .J6  |t 0  |l Remote Storage